000 00401nam a2200121Ia 4500
008 231129s2003||||xx |||||||||||||| ||spa||
020 _a958-96848-2-3
082 _a371.264 I15f
245 0 _aFilosofí­a para el nuevo ICFES: El mejor libro para prepararte al futuro universitario
260 _c2003
264 _aCali: Los Tres editores LTDA.
942 _2ddc
_cBKS
999 _c13977
_d13977